The walking diet : (Record no. 128134)
[ view plain ]
| 000 -LEADER | |
|---|---|
| fixed length control field | 00813nam a22002537a 4500 |
| 003 - CONTROL NUMBER IDENTIFIER | |
| control field | dpl |
| 005 - DATE AND TIME OF LATEST TRANSACTION | |
| control field | 20190125140041.0 |
| 008 - FIXED-LENGTH DATA ELEMENTS--GENERAL INFORMATION | |
| fixed length control field | 190125b ||||| |||| 00| 0 eng d |
| 010 ## - LIBRARY OF CONGRESS CONTROL NUMBER | |
| LC control number | B-021749 |
| 020 ## - INTERNATIONAL STANDARD BOOK NUMBER | |
| Terms of availability | 00.00 |
| International Standard Book Number | 8122202136 |
| 035 ## - SYSTEM CONTROL NUMBER | |
| System control number | B-021749, B-021776 |
| 037 ## - SOURCE OF ACQUISITION | |
| Source of stock number/acquisition | Cen Lib/Ret |
| 040 ## - CATALOGING SOURCE | |
| Original cataloging agency | DPL |
| Language of cataloging | EN |
| Transcribing agency | 0 |
| 082 ## - DEWEY DECIMAL CLASSIFICATION NUMBER | |
| Classification number | 615.7176 |
| Item number | SNO |
| 100 ## - MAIN ENTRY--PERSONAL NAME | |
| Personal name | Snowdon, Les |
| 9 (RLIN) | 22490 |
| 245 ## - TITLE STATEMENT | |
| Title | The walking diet : |
| Statement of responsibility, etc | by Les Snowdon [and] Maggie Humphreys |
| Remainder of title | walk back to fitness in 30 days / |
| 260 ## - PUBLICATION, DISTRIBUTION, ETC. (IMPRINT) | |
| Place of publication, distribution, etc | New Delhi |
| Name of publisher, distributor, etc | Irient Paper Backs |
| Date of publication, distribution, etc | 1999 |
| 270 ## - ADDRESS | |
| Address | Madarsa Road Kashmere Gate |
| City | New Delhi |
| Postal code | 110006 |
| 300 ## - PHYSICAL DESCRIPTION | |
| Extent | 184p. : |
| Dimensions | 21cm(Hb) |
| Other physical details | ill. |
| 650 ## - SUBJECT ADDED ENTRY--TOPICAL TERM | |
| Topical term or geographic name as entry element | Fitness walking |
| 9 (RLIN) | 22491 |
| 650 ## - SUBJECT ADDED ENTRY--TOPICAL TERM | |
| Topical term or geographic name as entry element | Reducing diets |
| 9 (RLIN) | 74514 |
| 700 ## - ADDED ENTRY--PERSONAL NAME | |
| Personal name | Humphreys, Maggie |
| 9 (RLIN) | 74515 |
| 942 ## - ADDED ENTRY ELEMENTS (KOHA) | |
| Source of classification or shelving scheme | Dewey Decimal Classification |
| Koha item type | English Books |
| Classification part | 615.7176 |
| Call number suffix | SNO |
| Withdrawn status | Lost status | Damaged status | Not for loan | Home library | Current library | Date acquired | Source of acquisition | Cost, normal purchase price | Total Checkouts | Full call number | Barcode | Date last seen | Copy number | Cost, replacement price | Price effective from | Koha item type | Public note | Source of classification or shelving scheme | Collection code |
|---|---|---|---|---|---|---|---|---|---|---|---|---|---|---|---|---|---|---|---|
| Written off | Central Library | Central Library | 01/07/2015 | Cen Lib/Ret | 0.00 | 615.7176 SNO | B-021749 | 01/07/2015 | 1 | 0.00 | 01/07/2015 | English Books | Written off on approval by DLB (By Circulation); dtd 15-06-2023 | ||||||
| Vigyan Vihar | Vigyan Vihar | 25/01/2019 | BPPD/PUB | 95.00 | 615.7176 SNO | B-021776 | 25/01/2019 | 95.00 | 25/01/2019 | English Books | Dewey Decimal Classification | Non-fiction |
